| 000 | 004530000a22001690004500 | ||
|---|---|---|---|
| 003 | MACL | ||
| 005 | 20151230112640.0 | ||
| 008 | 151230b xxu||||| |||| 00| 0 eng d | ||
| 040 |
_aMACL _cMACL |
||
| 041 | _aEnglish | ||
| 082 | _a306.08/BOS | ||
| 100 |
_aDoshi, S L _9573 |
||
| 245 | _aProcesses of Tribal Unification and Integration | ||
| 260 |
_bConcept Publishing _c1978 _aDelhi |
||
| 650 |
_asociology Science _917652 |
||
| 942 |
_cBK _k306.08/Dos _2ddc |
||
| 999 |
_c34331 _d34331 |
||